| 000 | 01065cam a22003257a 4500 | ||
|---|---|---|---|
| 003 | CHAP | ||
| 005 | 20220817041605.0 | ||
| 008 | 971013s1958 r 00010 d | ||
| 010 | _a18929 | ||
| 011 | _a19901 | ||
| 035 | _a23986 | ||
| 040 | _cCHAP | ||
| 082 |
_a338.9723 _bA5 |
||
| 100 | 0 | 0 |
_aAlvarez, José Rogelio. _95012 |
| 245 | 1 | 4 | _aLos Altos de Jalisco; bases para un programa de rehabilitación |
| 260 |
_aGuadalajara, Jal., _c1958 |
||
| 300 |
_a34 p. _b; tablas ; láms |
||
| 590 |
_aBATCH-UPD _b10 _c20130110 _lUCH01 _h0030 |
||
| 590 |
_aBATCH-UPD _b10 _c20130110 _lUCH01 _h1025 |
||
| 590 |
_aBATCH-UPD _b10 _c20130409 _lUCH01 _h2012 |
||
| 590 |
_aBATCH-UPD _b10 _c20130410 _lUCH01 _h0629 |
||
| 590 |
_aBATCH-UPD _b10 _c20130914 _lUCH01 _h0259 |
||
| 590 |
_aCONVERSION _b10 _c20130109 _lUCH01 _h1311 |
||
| 650 | 1 | 4 | _aDesarrollo económico. |
| 650 | 1 | 4 |
_aJalisco _xCondiciones económicas. _960958 |
| 650 | 1 | 4 |
_aPolítica económica _xJalisco. _990512 |
| 901 | _aBK | ||
| 942 | _cLIBRO | ||
| 949 |
_a338.9723 A5 _bBC _cLIBRO _d33724000372462 _eLIBRO _h6685 _i23986 _si |
||
| 999 |
_c18929 _d18929 |
||